000 01033nam a22002417a 4500
003 OSt
005 20250916090147.0
008 240228b ||||| |||| 00| 0 eng d
040 _c0
082 _aDPer 621.317 Ie21 June 2022 v. 37 n. 6
100 _aHou, Nie.
_eauthor.
_953530
245 _aAn input-oriented power sharing control scheme with fast-dynamic response for ISOP DAB DC-DC converter /
_cNie Hou, Pasan Gunawardena, Xuesong Wu, Li Ding, Yue Zhang, and Yun Wei Li.
260 _aNew York ;
_bThe Institute of Electrical and Electronics Engineers, Inc. ,
_cJune 2022.
300 _aVolume 37, pages 6501-6510 :
_billustration ;
_c29 cm.
500 _aIEEE Transactions on Power Electronics, vol. 37, no. 6, pages 6501-6510, June 2022.
700 _aHou, Nie.
_eauthor.
_953530
700 _aGunawardena, Pasan.
_eauthor.
_953531
700 _aWu, Xuesong.
_eauthor.
_953532
700 _aDing, Li.
_eauthor.
_953533
700 _aZhang, Yue.
_eauthor.
_953534
700 _aLi,Yun Wei.
_eauthor.
_953535
942 _2ddc
_cPER
999 _c19404
_d19404